Diotrephes catechised: or Sixteen important questions touching the ecclesiastical jurisdiction and censures (contradistinct to civill) now eagerly pretended to and challenged by a divine right, by some over-rigid Presbyterians, and Independents : Propounded to both these dissenting parties, for the further discovery of truth; the preservation of the civill magistrates interest, and speedier comprising of our present unhappy controversies touching church government: on which many now so over-dote, as to place the whole kingdome of Christ and substance of religion therein, to repute all our former reformation, a meere nothing; the Church of Christ undone, and the exercise of their ministry, not onely fruitlesse but unlawfull, so as they cannot with good conscience continue, but threaten to relinquish it, in case they cannot obtain their demands, of such an exorbitant power, by Divine justitution, which Christ and his Apostles never claimed, exercised, nor themselves, nor predecessors, ever formerly enioyed, petitioned for, or pretended to in any age, but this. /

Bibliographic Details
Main Author: Prynne, William, 1600-1669
Format: eBook
Language:English
Published: London : [publisher not identified], Printed anno Dom. 1646.
Series:Early English books online.
Subjects:
Online Access:Connect to the full text of this electronic book

MARC

Tag First Indicator Second Indicator Subfields
LEADER 00000nam a2200000 4500
001 in00004281813
005 20200813080242.0
006 m g d
007 cr bn |||a|bb|
008 940104s1646 enk o 00| | eng d
035 |a (UnM)99864934 
037 |a CL0051000003  |b ProQuest Information and Learning. 300 N. Zeeb Rd., Ann Arbor, MI 48106 
040 |a Cu-RivES  |c Cu-RivES  |d CStRLIN  |e dcrb  |d WaOLN 
100 1 |a Prynne, William,  |d 1600-1669. 
245 1 0 |a Diotrephes catechised: or Sixteen important questions touching the ecclesiastical jurisdiction and censures (contradistinct to civill) now eagerly pretended to and challenged by a divine right, by some over-rigid Presbyterians, and Independents :  |b Propounded to both these dissenting parties, for the further discovery of truth; the preservation of the civill magistrates interest, and speedier comprising of our present unhappy controversies touching church government: on which many now so over-dote, as to place the whole kingdome of Christ and substance of religion therein, to repute all our former reformation, a meere nothing; the Church of Christ undone, and the exercise of their ministry, not onely fruitlesse but unlawfull, so as they cannot with good conscience continue, but threaten to relinquish it, in case they cannot obtain their demands, of such an exorbitant power, by Divine justitution, which Christ and his Apostles never claimed, exercised, nor themselves, nor predecessors, ever formerly enioyed, petitioned for, or pretended to in any age, but this. /  |c Proposed published by a well-wisher to verity and unity. 
246 2 |a Sixteen important questions touching the ecclesiastical jurisdiction and censures (contradistinct to civill) now eagerly pretended to and challenged by a divine right, by some over-rigid Presbyterians and Independents 
260 |a London :  |b [publisher not identified],  |c Printed anno Dom. 1646. 
300 |a 1 online resource (12 pages) 
336 |a text  |b txt  |2 rdacontent 
337 |a computer  |b c  |2 rdamedia 
338 |a online resource  |b cr  |2 rdacarrier 
500 |a A well-wisher to verity and unity = William Prynne. 
500 |a Variant: has "civill) divine" in line 7 on title page. 
500 |a Annotation on Thomason copy: "Different from ye former"; "May 8th". 
500 |a Reproduction of the original in the British Library. 
510 4 |a Wing (2nd edition)  |c P3944. 
510 4 |a Thomason  |c E.510[2]. 
533 |a Electronic reproduction.  |b Ann Arbor, Mich. :  |c UMI,  |d 1999-  |f (Early English books online)  |n Digital version of: (Thomason Tracts ; 80:E510[2])  |7 s1999 miun s 
650 0 |a Church and state  |z England  |v Early works to 1800. 
650 0 |a Church and state  |x Presbyterian Church  |v Early works to 1800. 
650 0 |a Church polity  |v Early works to 1800. 
830 0 |a Early English books online. 
856 4 0 |u http://proxy.library.tamu.edu/login?url=https://search.proquest.com/docview/2240903930  |z Connect to the full text of this electronic book  |t 0 
999 f f |s d4c080fa-e079-367a-a962-a50c24602fbc  |i d2a97486-4b47-3d51-ae35-06bf604c0bb2  |t 0 
952 f f |a Texas A&M University  |b College Station  |c Electronic Resources  |d Available Online  |t 0  |h No information provided 
998 f f |t 0  |l Available Online